| 000 | 01413cam a2200325 a 4500 | ||
|---|---|---|---|
| 001 | 1389361 | ||
| 003 | NUST-PNEC | ||
| 005 | 20170116180712.0 | ||
| 008 | 821115s1983 ohua b 001 0 eng | ||
| 010 | _a 82022664 | ||
| 020 | _a087170157X | ||
| 040 |
_aDLC _cPNEC _dDLC |
||
| 050 | 0 | 0 |
_aTA332 _b.A79 1983 |
| 082 | 0 | 0 | _a510.2462 CHU |
| 100 |
_9568 _aChu Mamerto L. |
||
| 245 | 0 | 0 |
_aASM handbook of engineering mathematics / _cby faculty members of the Department of Mechanical Engineering, the University of Akron, Mamerto L. Chu ... [et al.] and by Samuel J. Brown ; editorial coordinator, William G. Belding. Mamerto L. Chu |
| 260 |
_aMetals Park, Ohio : _bAmerican Society for Metals, _cc1983. |
||
| 300 |
_axiv, 697 p. : _bill. ; _c24 cm. |
||
| 500 | _ahttp://www.amazon.com/ASM-Handbook-Engineering-Mathematics-Mamerto/dp/087170157X/ref=sr_1_1?s=books&ie=UTF8&qid=1413203185&sr=1-1&keywords=087170157X | ||
| 504 | _aIncludes bibliographical references and index. | ||
| 650 | 0 |
_aEngineering mathematics _xHandbooks, manuals, etc. - ME |
|
| 700 | 1 | _aChu, Mamerto L. | |
| 700 | 1 |
_aBrown, S. J. _q(Samuel J.) |
|
| 700 | 1 | _aBelding, William G. | |
| 710 | 2 |
_aUniversity of Akron. _bDepartment of Mechanical Engineering. |
|
| 710 | 2 | _aAmerican Society for Metals. | |
| 740 | 0 | _aA.S.M. handbook of engineering mathematics. | |
| 906 |
_a7 _bcbc _corignew _d1 _eocip _f19 _gy-gencatlg |
||
| 942 |
_2ddc _cBK |
||
| 999 |
_c60995 _d60995 |
||